00538nam a2200181 i 450000100060000000300090000600500170001500700030003200800410003510000150007624500990009126000520019030000340024249000220027670000150029883000220031385200210033543831ES-MaACL20230906160902.0t|030318s1908 fr ||||1| fre d1 aCausse, H.10aPrécis de matière médicale / cpar H. Causse ; révisé et complété par B. Moreau. aParis : bOctave Doin, c1908 (fTaffin-Lefort) aIV, 775 p. : bil. ; c18 cm.1 aCollection Testut1 aMoreau, B.0 aCollection Testut aES-MaACLjF-2594